Statistics for Charles Dickens’ A Christmas Carol

Click here to take the quiz!

General Stats

  • This quiz has been taken 347 times
  • The average score is 13 of 23

Answer Stats

Answer% Correct
Crippled Son of the aboveTiny Tim
95%
Scrooge's first nameEbenezer
94%
Scrooge's deceased business partnerJacob Marley
92%
"Bah _____!"Humbug
92%
Scrooge's ClerkBob Cratchit
87%
First spirit to visit ScroogeGhost of Christmas Past
87%
Second spirit to visit ScroogeGhost of Christmas Present
85%
Third and final spirit to visit ScroogeGhost of Christmas Yet to Come
85%
"God bless us, _____ ___!"Every One
76%
"If they would rather die they had better do it, and decrease the _______ _______."Surplus Population
62%
"Are there no Union _______?"Workhouses
59%
Scrooge's NephewFred
59%
Scrooge's kind former bossFezziwig
56%
Scrooge's SisterFan
50%
"Are there no ______?"Prisons
50%
Female child of manWant
48%
Scrooge's fiancee who broke off their engagementBelle
46%
Male child of manIgnorance
40%
"There's more of _____ than grave about you."Gravy
36%
Scrooge's fellow apprenticeDick Wilkins
21%
A criminal who buys stolen itemsOld Joe
13%
Scrooge's nephew's best friendTopper
8%
Scrooge's maid that steals from himMrs. Dilber
7%

Score Distribution

Percentile by Number Answered

Percent of People with Each Score

Your Score History

You have not taken this quiz